000 00469nam a22001937a 4500
003 CEME
005 20210628201710.0
008 210204b xxu||||| |||| 00| 0 eng d
020 _a0-07-233684-6
040 _c.
082 _a520 FIX
100 _aFix, John D
_956409
245 _aAstronomy ,journey to the cosmic frontier
250 _a2ND
260 _aNEW YORK
_bMCGRAW HILL
_c2001
300 _aXVIII,756P
650 _aASTRONOMY
_914110
942 _cBK
_2ddc
999 _c566836
_d566836